000 00278nam a22001217a 4500
008 180514b xxu||||| |||| 00| 0 eng d
041 _aeng
080 _a043.3
100 _a0
101 _aMBE-BA
245 _aPlanifikimi i Potencialeve Njerezore
_cKurti, E
942 _2udc
_cBK
999 _c45772
_d45772